The stories of Sahaba, translation (Record no. 542345)
[ view plain ]
| 000 -LEADER | |
|---|---|
| fixed length control field | 00396nam a22001457a 4500 |
| 082 ## - DEWEY DECIMAL CLASSIFICATION NUMBER | |
| Classification number | 297.64 |
| Author Mark | MUH |
| -- | L31,P-63 |
| 100 ## - MAIN ENTRY--PERSONAL NAME | |
| Personal name | Muhammad Zakaria |
| 9 (RLIN) | 37478 |
| 245 ## - TITLE STATEMENT | |
| Title | The stories of Sahaba, translation |
| 250 ## - EDITION STATEMENT | |
| Edition statement | 2nd ed. |
| 260 ## - PUBLICATION, DISTRIBUTION, ETC. | |
| Place of publication, distribution, etc. | Layllpur, W.Pakistan |
| Name of publisher, distributor, etc. | Malik brothers. |
| Date of publication, distribution, etc. | 2000 |
| 300 ## - PHYSICAL DESCRIPTION | |
| Extent | ix ; 257p.: |
| 526 ## - STUDY PROGRAM INFORMATION NOTE | |
| Program name | 0 |
| Interest level | 0 |
| Reading level | 0 |
| Title point value | 297_640000000000000_MUH |
| 650 ## - SUBJECT ADDED ENTRY--TOPICAL TERM | |
| Topical term or geographic name entry element | MCE |
| 9 (RLIN) | 379 |
| 942 ## - ADDED ENTRY ELEMENTS (KOHA) | |
| Source of classification or shelving scheme | |
| Koha item type | Book |
| Withdrawn status | Lost status | Source of classification or shelving scheme | Damaged status | Not for loan | Permanent Location | Current Location | Date acquired | Total Checkouts | Full call number | Barcode | Date last seen | Price effective from | Koha item type |
|---|---|---|---|---|---|---|---|---|---|---|---|---|---|
| Military College of Engineering (MCE) | Military College of Engineering (MCE) | 11/07/2013 | 297.64 MUH | MCE-2750 | 11/07/2013 | 11/07/2013 | Book |
